00889 2200301 4500001002100000005001500021035002500036008004100061041000800102082001500110090002100125090002100146100002900167245010200196250002600298260003900324300003000363650002400393700002900417850001200446007000300458040001700461084001700478504003300495999002100528990002100549990001700570YOGYA-0209000000755520190726090454 a0010-020900000007555090227s2004 yoi f ind d0 aInd04223a297.18 aDEP 297.18 ASR t aCB-D.11 2004-9041 aAsror, Miftahulepenulis10aTobat ala Abunawas :bKisah-kisah teladan buat anakku /cMiftahul Asror; penyunting, Mas'ud Mubin aCetakan I, Maret 200431aYogyakarta :bMitra pustaka,c2004 axvi, 270 halaman ;c21 cm 4aCerita-Cerita Islam0 aMas'ud Mubinepenyunting aYOPDYOGta aYOPDYOGbind a297.18 ASR t aBibliografi: halaman 269-270 aCB-D.11/2004-904 aCB-D.11/2004-904 a2032-PD/P.04